Giáo trình tiếng Hoa trung cấp / T.1

Guardado en:
Detalles Bibliográficos
Autor principal: Nguyễn Thiện Chí
Formato: Libro
Lenguaje:Vietnamese
Chinese
Publicado: Tp. Hồ Chí Minh : Nxb Trẻ, 1994.
Materias:
Etiquetas: Agregar Etiqueta
Sin Etiquetas, Sea el primero en etiquetar este registro!
Thư viện lưu trữ: Mạng thư viện Đại học Đà Nẵng
LEADER 00918nam a22002651a 4500
001 000036894
003 13189
005 20211019091033.0
008 160412s1994 000
041 0 |a vie  |a chi 
082 |a 495.1  |b NG-C 
100 |a Nguyễn Thiện Chí 
245 1 0 |a Giáo trình tiếng Hoa trung cấp /  |c Nguyễn Thiện Chí  |n T.1 
260 |a Tp. Hồ Chí Minh :  |b Nxb Trẻ,  |c 1994. 
300 |a 254tr ;  |c 21cm. 
653 1 |a tiếng Hoa  |a Giáo trình tiếng Hoa 
OWN |a LNN 
AVA |a UDN50  |b LNN  |c Chinese  |d 495.1 NG-C  |e available  |t Error 5001 Not defined in file expand_doc_bib_avail.  |f 2  |g 0  |h N  |i 0  |j TN 
999 |a From the UDN01 
AVA |a UDN50  |b LNN  |c Chinese  |d 495.1 NG-C  |e available  |t Error 5001 Not defined in file expand_doc_bib_avail.  |f 2  |g 0  |h N  |i 0  |j TN 
TYP |a Monograph 
980 |a Mạng thư viện Đại học Đà Nẵng